<?xml version="1.0" encoding="UTF-8"?>
<record
    xmlns:xsi="http://www.w3.org/2001/XMLSchema-instance"
    xsi:schemaLocation="http://www.loc.gov/MARC21/slim http://www.loc.gov/standards/marcxml/schema/MARC21slim.xsd"
    xmlns="http://www.loc.gov/MARC21/slim">

  <leader>00894nam a2200217 i 4500</leader>
  <controlfield tag="001">138751</controlfield>
  <controlfield tag="003">ES-MaACL</controlfield>
  <controlfield tag="005">20250821153454.0</controlfield>
  <controlfield tag="007">t|</controlfield>
  <controlfield tag="008">070214s1985    sp      r    ||||1| spa d</controlfield>
  <datafield tag="100" ind1="1" ind2=" ">
    <subfield code="a">Santos, Tom&#xE1;s.</subfield>
    <subfield code="9">103490</subfield>
  </datafield>
  <datafield tag="245" ind1="1" ind2="0">
    <subfield code="a">Gu&#xED;a de las aves invernantes en la Sierra de Madrid / </subfield>
    <subfield code="c">[autores, Tom&#xE1;s Santos, Jos&#xE9; Luis Teller&#xED;a, Francisco Su&#xE1;rez ; dibujantes, Carlos S&#xE1;ez-Rayuela, Jos&#xE9; Luis Teller&#xED;a].</subfield>
  </datafield>
  <datafield tag="260" ind1=" " ind2=" ">
    <subfield code="a">[Madrid] : </subfield>
    <subfield code="b">Comunidad de Madrid, Consejer&#xED;a de Agricultura y Ganader&#xED;a,</subfield>
    <subfield code="c">1985.</subfield>
  </datafield>
  <datafield tag="300" ind1=" " ind2=" ">
    <subfield code="a">96 p., 11 h. pleg. de l&#xE1;m. ; </subfield>
    <subfield code="c">20 cm.</subfield>
  </datafield>
  <datafield tag="700" ind1="0" ind2=" ">
    <subfield code="a">Teller&#xED;a Jorge, Jos&#xE9; Luis</subfield>
    <subfield code="9">109626</subfield>
  </datafield>
  <datafield tag="700" ind1="1" ind2=" ">
    <subfield code="a">Su&#xE1;rez Cardona, Francisco.</subfield>
    <subfield code="9">108591</subfield>
  </datafield>
  <datafield tag="700" ind1="0" ind2=" ">
    <subfield code="a">S&#xE1;ez-Rayuela, Carlos.</subfield>
    <subfield code="9">101384</subfield>
  </datafield>
  <datafield tag="710" ind1="2" ind2=" ">
    <subfield code="a">Madrid (Comunidad Aut&#xF3;noma). </subfield>
    <subfield code="b">Consejer&#xED;a de Agricultura y Ganader&#xED;a.</subfield>
    <subfield code="9">5592</subfield>
  </datafield>
  <datafield tag="852" ind1=" " ind2=" ">
    <subfield code="a">ES-MaACL</subfield>
    <subfield code="j">G-3486</subfield>
  </datafield>
  <datafield tag="999" ind1=" " ind2=" ">
    <subfield code="c">138751</subfield>
    <subfield code="d">138751</subfield>
  </datafield>
  <datafield tag="952" ind1=" " ind2=" ">
    <subfield code="0">0</subfield>
    <subfield code="1">0</subfield>
    <subfield code="4">0</subfield>
    <subfield code="7">0</subfield>
    <subfield code="a">ATENEOM</subfield>
    <subfield code="b">ATENEOM</subfield>
    <subfield code="c">DEPO2</subfield>
    <subfield code="d">2008-01-17</subfield>
    <subfield code="e">SC</subfield>
    <subfield code="l">0</subfield>
    <subfield code="o">G-3486</subfield>
    <subfield code="p">1144384</subfield>
    <subfield code="r">2023-02-23 00:00:00</subfield>
    <subfield code="w">2023-02-23</subfield>
    <subfield code="y">MONOGRAFIA</subfield>
  </datafield>
</record>
